000 01383nmm a2200493 a 4500
003 AR-BaBNM
005 20251128204454.0
008 116019s1975 ||||||||||||||000 | spa||
040 _cAR-BaBNM
100 1 _aCampobassi, José Salvador
245 1 0 _aSarmiento y su época
_bdesde 1811 a 1863
_n1
250 _a1ª ed.
260 _aBuenos Aires
_bLosada
_c1975
300 0 _a553 p.
600 1 4 _aAldao, José F.
600 1 4 _aQuiroga, Facundo
600 1 4 _aAlberdi, Juan Bautista
_d1810-1884
600 1 4 _aPeñaloza, Angel Vicente
600 1 4 _aUrquiza, Juan José de
_d1801-1870
600 0 4 _aMitre
650 4 _aBIOGRAFIAS
650 4 _aHISTORIA POLITICA ARGENTINA
650 4 _aHISTORIA ARGENTINA
650 4 _aHISTORIA CULTURAL
650 4 _aPERIODISMO
650 4 _aHISTORIA DE LAS IDEAS
650 4 _aHISTORIA CULTURAL
650 4 _aREACCIONES CONTRA ROSAS
650 4 _aROSAS Y SU TIEMPO
650 4 _aORGANIZACION NACIONAL
650 4 _aGUERRAS CIVILES ARGENTINAS
650 4 _aHISTORIA INSTITUCIONAL
650 4 _aGENERACION DE 1837
650 4 _aGENERACION DE 1880
650 4 _aHISTORIA CONSTITUCIONAL
650 4 _aHISTORIA SANJUANINA
650 4 _aUNITARIOS
650 4 _aFEDERALES
651 4 _aArgentina
653 0 _aRELATOS DE VIAJES
700 1 _aRepetto, Nicolás
_eprologuista
942 _cBK
998 _cenrique
999 _c7558
_d7558